000 00680nam a2200217 a 4500
001 000006459
005 20200929153931.0
008 090831s2005 dr a r 000 0 spa d
020 _z9993486345
040 _aDO-SdBNP
_bspa
_cBNPHU
082 _a640.41
_bC728L
100 1 _aComarazami, Luisa
_917914
245 1 3 _aEl libro de las soluciones /
_cLuisa Comarazamy, Elizabeth Comarazamy.
260 _aSanto Domingo :
_bOmnimedia,
_c2005.
300 _a180 p. :
_bil. ;
_c22 cm.
590 _aInventariado, 2018/BT
650 4 _aEconomía doméstica
_917915
650 4 _aRecetarios
_917916
700 1 _aComarazamy, Elizabeth
_917917
910 _aValidado. Control de calidad. EMS
999 _c6252
_d6252